000 00442nam a2200169 a 4500
001 7593
003 CO-ViMGA
008 141112s2004 ck r 000 u spa d
040 _aCO-ViMGA
_bspa
_cCO-ViMGA
082 0 4 _a632.954 G653
100 1 _aGómez Brindis, Jose Guadalupe
_96980
245 1 0 _aControl químico de la maleza
260 _aMexico :
_bTrillas,
_c1993
300 _a250 p
650 1 4 _aMALEZA - CONTROL
_96981
942 _2ddc
_cBK
999 _c19539
_d19539